Performance management system : (Record no. 86279)

MARC details
000 -LEADER
fixed length control field 00613nam a22002057a 4500
005 - DATE AND TIME OF LATEST TRANSACTION
control field 20140812152004.0
010 ## - LCCN (DPL NO)
LC control number ENG-110351
020 ## - INTERNATIONAL STANDARD BOOK NUMBER
International Standard Book Number 9789350623282
Terms of availability 395.00
035 ## - SYSTEM CONTROL NUMBER
System control number EN-93883
037 ## - SOURCE OF ACQUISITION
Source of stock number/acquisition DBAD/PUB
082 ## - DEWEY DECIMAL CLASSIFICATION NUMBER
Classification number 658.3125
245 ## - TITLE STATEMENT
Title Performance management system :
Statement of responsibility, etc edited by Bhupen Srivastava [and] Mamta Mohapatra
Remainder of title readings and cases /
260 ## - PUBLICATION, DISTRIBUTION, ETC. (IMPRINT)
Place of publication, distribution, etc New Delhi
Name of publisher, distributor, etc Excel Books
Date of publication, distribution, etc 2013
270 ## - ADDRESS
Address A-45, Naraina, Phase I
City New Delhi
Postal code 110028
300 ## - PHYSICAL DESCRIPTION
Extent xiv,229p.
Dimensions 24cm(pbk)
500 ## - GENERAL NOTE
General note Includes index
700 ## - ADDED ENTRY--PERSONAL NAME
Personal name Srivastava, Bhupen
700 ## - ADDED ENTRY--PERSONAL NAME
Personal name Mohapatra, Mamta
942 ## - ADDED ENTRY ELEMENTS (KOHA)
Source of classification or shelving scheme Dewey Decimal Classification
Item type English Books
Call number suffix PER
Holdings
Withdrawn status Lost status Not for loan Collection code Home library Current library Date acquired Source of acquisition Cost, normal purchase price Full call number Barcode Copy number Cost, replacement price Koha item type
    Not For Loan Non-fiction D.B.Act.Division D.B.Act.Division 02/07/2014 DBAD/PUB 395.00 658.3125 PER EN-93883 1 395.00 English Books

© Delhi Public Library
Hit Counter
free hit counter